ARRUPE JESUIT UNIVERSITY

CORONAVIRUS -STOP THE SPREAD - CLEAN,DISINFECT,COVER

Zimbabwean realities and christian responses (Record no. 59759)

MARC details
000 -LEADER
fixed length control field 00654nam a2200229Ia 4500
003 - CONTROL NUMBER IDENTIFIER
control field 0100
008 - FIXED-LENGTH DATA ELEMENTS--GENERAL INFORMATION
fixed length control field 130303s9999 xx 000 0 und d
040 ## - CATALOGING SOURCE
Transcribing agency ARRUPELIB
050 ## - LIBRARY OF CONGRESS CALL NUMBER
Classification number BR1447.V61 1998
300 ## - PHYSICAL DESCRIPTION
Other physical details 152p. 22cm.
100 ## - MAIN ENTRY--PERSONAL NAME
Personal name Verstraelen, Frans J
245 ## - TITLE STATEMENT
Title Zimbabwean realities and christian responses
245 ## - TITLE STATEMENT
Remainder of title contemporary aspects of christianity in Zimbabwe
260 ## - PUBLICATION, DISTRIBUTION, ETC. (IMPRINT)
Place of publication, distribution, etc Gweru
260 ## - PUBLICATION, DISTRIBUTION, ETC. (IMPRINT)
Name of publisher, distributor, etc Mambo Press
260 ## - PUBLICATION, DISTRIBUTION, ETC. (IMPRINT)
-- 1998
300 ## - PHYSICAL DESCRIPTION
Extent viii
440 ## - SERIES STATEMENT/ADDED ENTRY--TITLE
Title Mambo occasional papers ; missio-Pastoral series No. 25
650 ## - SUBJECT ADDED ENTRY--TOPICAL TERM
Topical term following geographic name as entry element Africa-Catholic Church
650 ## - SUBJECT ADDED ENTRY--TOPICAL TERM
Location of event Missions, Theory-Catholic Church
942 ## - ADDED ENTRY ELEMENTS (KOHA)
Source of classification or shelving scheme Library of Congress Classification
Koha issues (borrowed), all copies 2
Holdings
Withdrawn status Lost status Source of classification or shelving scheme Damaged status Not for loan Collection code Home library Current library Shelving location Date acquired Total Checkouts Full call number Barcode Date last seen Date checked out Copy number Price effective from Koha item type
    Library of Congress Classification     Main Collection ARRUPE LIBRARY ARRUPE COLLEGE BOOKSTORE   05/03/2013 5 BR1447.V61 1998 46003089579 09/08/2018 19/03/2018 1 05/03/2013 Monograph ( Printed materials)

 

Arrupe Library. PO Box MP320 Mt Pleasant, Harare, Zimbabwe
263 242 745411|librarian@aju.ac.zw